[Event "Barcelona Sant Marti op-B 24th"]
[Site "Barcelona"]
[Date "2024.07.19"]
[Round "7"]
[White "Vara Soler, Luis"]
[Black "Marquina Sierra, David"]
[Result "1-0"]
[WhiteElo "1865"]
[BlackElo "1719"]
[PlyCount "83"]
[EventDate "2024.07.13"]
[EventType "swiss"]
[EventRounds "9"]
[EventCountry "ESP"]
[SourceTitle "EXT 2025"]
[Source "ChessBase"]
[SourceDate "2024.10.14"]
[SourceVersion "1"]
[SourceVersionDate "2024.10.14"]
[SourceQuality "1"]

1. e4 c5 2. Nf3 Nc6 3. d4 cxd4 4. Nxd4 Nf6 5. Nc3 d6 6. Be2 e5 7. Nb3 Be7 8. Be3 Be6 9. f3 0-0 10. Qd2 d5 11. exd5 Nxd5 12. Nxd5 Bxd5 13. 0-0-0 Nb4 14. Kb1 Rc8 15. c3 Bxb3 16. axb3 Nc6 17. Qxd8 Rfxd8 18. b4 a6 19. Bb6 Rd6 20. Rxd6 Bxd6 21. Rd1 Bc7 22. Bxc7 Rxc7 23. b5 axb5 24. Bxb5 Kf8 25. Bxc6 bxc6 26. b4 Ke7 27. Kc2 Rd7 28. Rxd7+ Kxd7 29. Kb3 Kd6 30. Kc4 f5 31. g4 fxg4 32. fxg4 Ke6 33. Kd3 Kd6 34. Ke4 g6 35. g5 Ke6 36. c4 Kd6 37. h4 Ke6 38. b5 c5 39. b6 Kd6 40. b7 Kc7 41. Kxe5 Kxb7 42. Kd6 1-0